<?xml version="1.0" encoding="UTF-8"?><?xml-stylesheet type="text/xsl" href="static/style.xsl"?><OAI-PMH xmlns="http://www.openarchives.org/OAI/2.0/" xmlns:xsi="http://www.w3.org/2001/XMLSchema-instance" xsi:schemaLocation="http://www.openarchives.org/OAI/2.0/ http://www.openarchives.org/OAI/2.0/OAI-PMH.xsd"><responseDate>2026-04-13T02:51:13Z</responseDate><request verb="GetRecord" identifier="oai:www.recercat.cat:11351/12536" metadataPrefix="marc">https://recercat.cat/oai/request</request><GetRecord><record><header><identifier>oai:recercat.cat:11351/12536</identifier><datestamp>2025-10-24T08:29:54Z</datestamp><setSpec>com_2072_378064</setSpec><setSpec>com_2072_378040</setSpec><setSpec>col_2072_378076</setSpec></header><metadata><record xmlns="http://www.loc.gov/MARC21/slim" xmlns:dcterms="http://purl.org/dc/terms/" xmlns:xsi="http://www.w3.org/2001/XMLSchema-instance" xmlns:doc="http://www.lyncode.com/xoai" xsi:schemaLocation="http://www.loc.gov/MARC21/slim http://www.loc.gov/standards/marcxml/schema/MARC21slim.xsd">
   <leader>00925njm 22002777a 4500</leader>
   <datafield ind2=" " ind1=" " tag="042">
      <subfield code="a">dc</subfield>
   </datafield>
   <datafield ind2=" " ind1=" " tag="720">
      <subfield code="a">Unitat d’Avaluació d’Experiència de Pacient</subfield>
      <subfield code="e">author</subfield>
   </datafield>
   <datafield ind2=" " ind1=" " tag="720">
      <subfield code="a">Gerència de Gestió Ciutadana</subfield>
      <subfield code="e">author</subfield>
   </datafield>
   <datafield ind2=" " ind1=" " tag="720">
      <subfield code="a">Servei Català de la Salut</subfield>
      <subfield code="e">author</subfield>
   </datafield>
   <datafield ind2=" " ind1=" " tag="260">
      <subfield code="c">2025-02-04T09:40:04Z</subfield>
   </datafield>
   <datafield ind2=" " ind1=" " tag="260">
      <subfield code="c">2025-02-04T09:40:04Z</subfield>
   </datafield>
   <datafield ind2=" " ind1=" " tag="260">
      <subfield code="c">2025-02</subfield>
   </datafield>
   <datafield ind2=" " ind1=" " tag="520">
      <subfield code="a">Experiència de pacient (EXP); Qualitat; Avaluació</subfield>
   </datafield>
   <datafield ind2=" " ind1=" " tag="520">
      <subfield code="a">Experiencia de paciente (EXP); Calidad; Evaluación</subfield>
   </datafield>
   <datafield ind2=" " ind1=" " tag="520">
      <subfield code="a">Patient Experience (EXP); Quality; Evaluation</subfield>
   </datafield>
   <datafield ind2=" " ind1=" " tag="520">
      <subfield code="a">La construcció del marc d’experiència de pacient té com a objectiu&#xd;
involucrar professionals, institucions i usuaris dels serveis de salut, i fer-los&#xd;
partícips i coprotagonistes del seu desenvolupament.</subfield>
   </datafield>
   <datafield ind2=" " ind1=" " tag="520">
      <subfield code="a">The construction of the patient experience framework has as its objective&#xd;
involve professionals, institutions and users of health services, and make them&#xd;
participants and co-protagonists of its development.</subfield>
   </datafield>
   <datafield ind2=" " ind1=" " tag="520">
      <subfield code="a">La construcción del marco de experiencia de paciente tiene como objetivo&#xd;
involucrar a profesionales, instituciones y usuarios de los servicios de salud, y hacerlos partícipes y coprotagonistas de su desarrollo.</subfield>
   </datafield>
   <datafield ind1="8" ind2=" " tag="024">
      <subfield code="a">http://hdl.handle.net/11351/12536</subfield>
   </datafield>
   <datafield tag="653" ind2=" " ind1=" ">
      <subfield code="a">Pacients - Satisfacció</subfield>
   </datafield>
   <datafield tag="653" ind2=" " ind1=" ">
      <subfield code="a">Indicadors de salut</subfield>
   </datafield>
   <datafield tag="653" ind2=" " ind1=" ">
      <subfield code="a">HEALTH CARE::Health Care Quality, Access, and Evaluation::Quality of Health Care::Health Care Evaluation Mechanisms::Data Collection::Surveys and Questionnaires::Health Surveys::Health Status Indicators</subfield>
   </datafield>
   <datafield tag="653" ind2=" " ind1=" ">
      <subfield code="a">HEALTH CARE::Health Care Quality, Access, and Evaluation::Delivery of Health Care::Attitude to Health::Treatment Adherence and Compliance::Patient Acceptance of Health Care::Patient Participation</subfield>
   </datafield>
   <datafield tag="653" ind2=" " ind1=" ">
      <subfield code="a">Other subheadings::Other subheadings::/statistics &amp; numerical data</subfield>
   </datafield>
   <datafield tag="653" ind2=" " ind1=" ">
      <subfield code="a">ATENCIÓN DE SALUD::calidad, acceso y evaluación de la atención sanitaria::calidad de la atención sanitaria::mecanismos de evaluación de la atención sanitaria::recopilación de datos::encuestas y cuestionarios::encuestas de salud::indicadores de salud</subfield>
   </datafield>
   <datafield tag="653" ind2=" " ind1=" ">
      <subfield code="a">ATENCIÓN DE SALUD::economía y organizaciones para la atención de la salud::organizaciones::organizaciones de consumidores::participación de la comunidad::participación del paciente</subfield>
   </datafield>
   <datafield tag="653" ind2=" " ind1=" ">
      <subfield code="a">Otros calificadores::Otros calificadores::/estadística &amp; datos numéricos</subfield>
   </datafield>
   <datafield ind2="0" ind1="0" tag="245">
      <subfield code="a">Representativitat dels Pacients a les organitzacions sanitàries</subfield>
   </datafield>
</record></metadata></record></GetRecord></OAI-PMH>